Napriek objednávkam na druhý polrok prepúšťa Tatravagónka desatinu zamestnancov

Prepúšťanie zamestnancov v Tatravagónke, a.s. Poprad. Nevedomosť odborárov o súčasných problémoch s objednávkami. Narastanie konkurencie v okolitých krajinách. Pravdepodobné ukončenie štátnych zákaziek v r. 2000. Vybrané hospodárske ukazovatele Tatravagónky.

Enregistré dans:
Détails bibliographiques
Auteur principal: Velecký, Milan
Format: Chapitre de livre
Langue:slovaque
Sujets:
Tags: Ajouter un tag
Pas de tags, Soyez le premier à ajouter un tag!

MARC

LEADER 00000naa a2200000 4500
001 r037495
005 20230921105421.4
041 0 |a slo 
044 |a SK 
245 1 0 |a Napriek objednávkam na druhý polrok prepúšťa Tatravagónka desatinu zamestnancov  |c Milan Velecký 
520 |a Prepúšťanie zamestnancov v Tatravagónke, a.s. Poprad. Nevedomosť odborárov o súčasných problémoch s objednávkami. Narastanie konkurencie v okolitých krajinách. Pravdepodobné ukončenie štátnych zákaziek v r. 2000. Vybrané hospodárske ukazovatele Tatravagónky. 
610 2 0 |a hospodárenie podnikové 
610 2 0 |a ukazovatele ekonomické 
610 2 0 |a prepúšťanie pracovníkov 
610 2 0 |a konkurencia 
610 2 0 |a Tatravagónka, a.s. Poprad 
610 2 0 |a 1999 
610 2 0 |a 2000 
100 1 |a Velecký, Milan